Polskie Miasta wg ich Dzielnic - Statystyki

Ogólne statystyki
  • Ten quiz został rozwiązany 113 razy
  • Średni wynik to 10 z 15
Statystyki odpowiedzi
Dzielnice Miasto % Poprawnych
Bałuty, Retkinia, Widzew Łódź
97%
Białołęka, Rembertów, Wesoła Warszawa
96%
Bronowice, Łagiewniki, Nowa Huta Kraków
90%
Lisiniec, Raków, Stradom Częstochowa
85%
Jelitkowo, Orunia, Żabianka Gdańsk
84%
Karłowice, Ołbin, Psie Pole Wrocław
83%
Chylonia, Oksywie, Wielki Kack Gdynia
73%
Jeżyce, Rataje, Świerczewo Poznań
73%
Brynów, Ligota, Piotrowice Katowice
66%
Czarnowąsy, Malina, Zaodrze Opole
48%
Niebuszewo, Prawobrzeże, Turzyn Szczecin
45%
Dziesiąta, Wieniawa, Zemborzyce Lublin
39%
Antoniuk, Fasty, Starosielce Białystok
36%
Baranówka, Pobitno, Staroniwa Rzeszów
29%
Jakubskie Przedmieście, Rubinkowo, Wrzosy Toruń
29%
Nie znaleziono quizów pasujących do podanych kryteriów
Rozkład punktacji
Procent ludzi z każdym wynikiem
Percentyl według liczby udzielonych odpowiedzi
Twoja historia wyników
Nie rozwiązałeś tego quizu